Cargando...
Physics of Planetary Interiors
| Autor principal: | |
|---|---|
| Formato: | Printed Book |
| Publicado: |
Bristol
Adam hilger
1984
|
| LEADER | 00441nam a22001337a 4500 | ||
|---|---|---|---|
| 020 | |a 0852744455 | ||
| 082 | |a 523.4 |b COL | ||
| 100 | |a Cole G H A | ||
| 245 | |a Physics of Planetary Interiors | ||
| 260 | |a Bristol |b Adam hilger |c 1984 | ||
| 300 | |a ix,208 | ||
| 942 | |c BK | ||
| 999 | |c 128156 |d 128152 | ||
| 952 | |0 0 |1 0 |4 0 |6 523_400000000000000_COL |7 0 |8 NFIC |9 126512 |a SPAP |b SPAP |c GEN |d 2017-08-11 |e Accadamic Pub |g 961.95 |l 0 |o 523.4 COL |p SPAP 1839 |r 2017-08-11 |w 2017-08-11 |y BK | ||